عرض عادي عرض مارك
  • Great Britain

مدخل إسم جغرافي

عدد التسجيلات المستخدمة في: 1

001 - رقم الضبط

  • حقل الضبط: 57096

003 - معرف رقم الضبط

  • حقل الضبط: OSt

005 - تاريخ ووقت أخر عملية

  • حقل الضبط: 20161205095416.0

008 - عناصر بيانات ثابتة الطول

  • حقل تحكم ثابت الطول: 161205|| aca||aabn | a|a d

040 ## - مصدر الفهرسة

  • هيئة الفهرسة الأصلية: OSt
  • وكالة الكتابة: OSt

151 ## - مدخل-- مصطلح تاريخي

  • اسم جغرافي: Great Britain
  • تفريع عام: Colonies
  • تفريع جغرافي: Africa
  • تفريع شكلي: Fiction.

670 ## - بيانات المصدر موجوده

  • الاستشهاد بالمصدر: Work cat.: (OSt)0: Conrad, Joseph, 1857-1924. 57093, Heart of darkness and other tales /, 2008.